<?xml version="1.0" encoding="UTF-8"?>
<record
    xmlns:xsi="http://www.w3.org/2001/XMLSchema-instance"
    xsi:schemaLocation="http://www.loc.gov/MARC21/slim http://www.loc.gov/standards/marcxml/schema/MARC21slim.xsd"
    xmlns="http://www.loc.gov/MARC21/slim">

  <leader>00854nam2a22002411  4500</leader>
  <controlfield tag="001">v19\rc\1952853</controlfield>
  <controlfield tag="005">20250619205905.0</controlfield>
  <datafield tag="035" ind1=" " ind2=" ">
    <subfield code="a">(NLR Aleph) 005037546</subfield>
  </datafield>
  <datafield tag="090" ind1=" " ind2=" ">
    <subfield code="a">6757913</subfield>
    <subfield code="c">6757913</subfield>
  </datafield>
  <datafield tag="100" ind1=" " ind2=" ">
    <subfield code="a">20080428d1913    |||y0rusy50      ca</subfield>
  </datafield>
  <datafield tag="101" ind1="0" ind2=" ">
    <subfield code="a">rus</subfield>
  </datafield>
  <datafield tag="102" ind1=" " ind2=" ">
    <subfield code="a">RU</subfield>
  </datafield>
  <datafield tag="105" ind1=" " ind2=" ">
    <subfield code="a">y   z   |||||</subfield>
  </datafield>
  <datafield tag="200" ind1="0" ind2=" ">
    <subfield code="a">... &#x437;&#x430; 1912 &#x433;&#x43E;&#x434;</subfield>
  </datafield>
  <datafield tag="210" ind1=" " ind2=" ">
    <subfield code="d">1913</subfield>
    <subfield code="a">&#x411;. &#x43C;.</subfield>
  </datafield>
  <datafield tag="215" ind1=" " ind2=" ">
    <subfield code="a">34 &#x441;.</subfield>
  </datafield>
  <datafield tag="461" ind1=" " ind2="0">
    <subfield code="1">001v19\rc\1952852</subfield>
    <subfield code="1">2001#$a&#x41E;&#x442;&#x447;&#x435;&#x442;...$f&#x41C;&#x438;&#x442;&#x44C;&#x43A;&#x43E;&#x432;. &#x43A;&#x440;&#x435;&#x434;&#x438;&#x442;. &#x442;-&#x432;&#x43E;$v... &#x437;&#x430; 1912 &#x433;&#x43E;&#x434;</subfield>
    <subfield code="9">6757905</subfield>
    <subfield code="a">&#x41C;&#x438;&#x442;&#x44C;&#x43A;&#x43E;&#x432;&#x441;&#x43A;&#x43E;&#x435; &#x43A;&#x440;&#x435;&#x434;&#x438;&#x442;&#x43D;&#x43E;&#x435; &#x442;-&#x432;&#x43E; (&#x427;&#x435;&#x440;&#x43D;&#x438;&#x433;. &#x433;&#x443;&#x431;.)</subfield>
    <subfield code="c">&#x41D;&#x43E;&#x432;&#x43E;&#x437;&#x44B;&#x431;&#x43A;&#x43E;&#x432;</subfield>
    <subfield code="d">1913</subfield>
    <subfield code="f">&#x41C;&#x438;&#x442;&#x44C;&#x43A;&#x43E;&#x432;. &#x43A;&#x440;&#x435;&#x434;&#x438;&#x442;. &#x442;-&#x432;&#x43E;</subfield>
    <subfield code="t">&#x41E;&#x442;&#x447;&#x435;&#x442;...</subfield>
    <subfield code="v">... &#x437;&#x430; 1912 &#x433;&#x43E;&#x434;</subfield>
  </datafield>
  <datafield tag="801" ind1=" " ind2="0">
    <subfield code="a">RU</subfield>
    <subfield code="b">NLR</subfield>
    <subfield code="g">psbo</subfield>
  </datafield>
  <datafield tag="801" ind1=" " ind2="0">
    <subfield code="a">RU</subfield>
    <subfield code="b">RuMoRGB</subfield>
    <subfield code="2">psbo</subfield>
  </datafield>
  <datafield tag="801" ind1=" " ind2="1">
    <subfield code="a">RU</subfield>
    <subfield code="b">ProSoft-M</subfield>
    <subfield code="2">rusmarc</subfield>
  </datafield>
  <datafield tag="852" ind1=" " ind2=" ">
    <subfield code="a">NLR</subfield>
    <subfield code="b">&#x412;&#x42D;&#x41E;</subfield>
    <subfield code="j">53.&#x432;.95</subfield>
  </datafield>
  <datafield tag="942" ind1=" " ind2=" ">
    <subfield code="c">BOOK</subfield>
  </datafield>
  <datafield tag="980" ind1=" " ind2=" ">
    <subfield code="a">NB</subfield>
  </datafield>
  <datafield tag="995" ind1=" " ind2=" ">
    <subfield code="5">2013-10-26</subfield>
    <subfield code="b">NLR02</subfield>
    <subfield code="c">NLR02</subfield>
    <subfield code="e">RFS</subfield>
    <subfield code="f">5037546-10</subfield>
    <subfield code="k">&#x412;&#x42D;&#x41E; 53.&#x432;.95</subfield>
    <subfield code="o">0</subfield>
    <subfield code="r">BOOK</subfield>
    <subfield code="s">_5395</subfield>
  </datafield>
</record>
